000 00855cab a2200289 4500
001 ABS51925
008 090401t1994 xxu||||| |||| 00| 0 eng d
035 _a(Sirsi) u51134
041 _aeng
245 _aEstates Times survey: North East
260 _c1994
350 _a0
490 _aEstates Times
_v(1261) 9 December 1994, 17-25(9)
650 _aDARLINGTON
650 _aDURHAM
650 _aINDUSTRIAL MARKET
650 _aMIDDLESBROUGH
650 _aNEWCASTLE UPON TYNE
650 _aNORTH-EAST ENGLAND
650 _aPROPERTY-COMMERCIAL PROPERTY-OFFICE PROPERTY-OFFICE PROPERTY MARKET
650 _aPROPERTY-COMMERCIAL PROPERTY-RETAIL PROPERTY-RETAIL PROPERTY MARKET
650 _aTEESSIDE
650 _aTYNE & WEAR
690 _aPROPERTY-COMMERCIAL PROPERTY-COMMERCIAL PROPERTY MARKET
942 _n0
948 _c04/03/1997
999 _c31880
_d31880